000
00241nam a2200097Ia 4500
008
220204s9999 xx 000 0 und d
082
_a
614
_b
SAV
245
0
_a
Saving our health care system
260
_a
USA
_b
Harward College
_c
1971
942
_c
BK
999
_c
37202
_d
37202